Estadísticas para Grammy al Álbum del Año

Haz click aquí para intentar la prueba.

Estadísticas generales

  • Esta prueba ha sido intentada 28 veces
    (21 desde el último reinicio)
  • La puntuación promedio es 20 de 63

Estadísticas de respuestas

AñoÁlbumGéneroPaísArtista/s% Correcto
2024MidnightsPop alternativoEEUUTaylor Swift
100%
2010FearlessCountry popEEUUTaylor Swift
100%
2021FolkloreFolk popEEUUTaylor Swift
100%
20161989Dance popEEUUTaylor Swift
100%
201824K MagicR&B
contemporáneo
EEUUBruno Mars
90%
1989FaithR&B
contemporáneo
Reino
Unido
George Michael
85%
2023Harry's HouseSoft rockReino
Unido
Harry Styles
85%
1984ThrillerR&B
contemporáneo
EEUUMichael Jackson
85%
201725Pop soulReino
Unido
Adele
80%
201221Pop soulReino
Unido
Adele
80%
2020When We All Fall Asleep,
Where Do We Go?
Pop alternativoEEUUBillie Eilish
70%
1968Sgt. Pepper's Lonely Hearts Club BandPop psicodélicoReino
Unido
The Beatles
65%
1964The Barbra Streisand AlbumPop tradicionalEEUUBarbra Streisand
45%
1997Falling into YouAdult
contemporary
CanadáCéline Dion
45%
2014Random Access MemoriesDiscoFranciaDaft Punk
40%
1994The Bodyguard –
Original Soundtrack Album
R&B
contemporáneo
EEUUWhitney Houston
40%
1988The Joshua TreePop rockIrlandaU2
35%
2006How to Dismantle an Atomic BombPop rockIrlandaU2
35%
1999The Miseducation of Lauryn HillNeo-soul /
Hip Hop
EEUULauryn Hill
30%
1978RumoursPop rockEEUU /
Reino
Unido
Fleetwood Mac
25%
1966September of My YearsVocal JazzEEUUFrank Sinatra
25%
1960Come Dance With Me!Vocal JazzEEUUFrank Sinatra
25%
1967A Man and His MusicPop tradicionalEEUUFrank Sinatra
25%
2022We ArePop soulEEUUJon Batiste
25%
1962Judy at Carnegie HallPop tradicionalEEUUJudy Garland
25%
2019Golden HourCountry popEEUUKacey Musgraves
25%
2003Come Away with MeJazz popEEUUNorah Jones
25%
1976Still Crazy After All These YearsPop rockEEUUPaul Simon
25%
1987GracelandPop rockEEUUPaul Simon
25%
1996Jagged Little PillPop rockCanadáAlanis Morissette
20%
2015Morning PhaseFolk rockEEUUBeck
20%
198052nd StreetPiano rockEEUUBilly Joel
20%
1972TapestrySoft RockEEUUCarole King
20%
1981Christopher CrossYacht rockEEUUChristopher Cross
20%
1982Double FantasyPop rockReino
Unido /
Japón
John Lennon / Yoko Ono
20%
1992Unforgettable... with LoveVocal JazzEEUUNatalie Cole
20%
2004Speakerboxxx/The Love BelowSouthern
Hip Hop
EEUUOutKast
20%
2011The SuburbsIndie rockCanadáArcade Fire
15%
1998Time Out of MindFolk rockEEUUBob Dylan
15%
1990Nick of TimePop rockEEUUBonnie Raitt
15%
2007Taking the Long WayCountry popEEUUDixie Chicks
15%
1993UnpluggedBlues rockReino
Unido
Eric Clapton
15%
2013BabelFolk rockReino
Unido
Mumford & Sons
15%
1991Back on the BlockR&B
contemporáneo
EEUUQuincy Jones
15%
2005Genius Loves CompanyR&BEEUURay Charles
15%
2000SupernaturalLatin rockEEUU /
México
Santana
15%
1971Bridge over Troubled WaterFolk popEEUUSimon & Garfunkel
15%
1974InnervisionsSoulEEUUStevie Wonder
15%
1975Fulfillingness' First FinaleSoulEEUUStevie Wonder
15%
1977Songs in the Key of LifeSoulEEUUStevie Wonder
15%
1995MTV UnpluggedVocal JazzEEUUTony Bennett
15%
1983Toto IVA.O.R.
(Pop rock)
EEUUToto
15%
1970Blood, Sweat & TearsJazz rockEEUUBlood, Sweat & Tears
10%
1961The Button-Down Mind of Bob NewhartComediaEEUUBob Newhart
10%
1969By the Time I Get to PhoenixCountry popEEUUGlen Campbell
10%
1959The Music from Peter GunnJazzEEUUHenry Mancini
10%
2008River: The Joni LettersJazz popEEUUHerbie Hancock
10%
1986No Jacket RequiredPop rockReino
Unido
Phil Collins
10%
2009Raising SandAmericanaReino
Unido /
EEUU
Robert Plant / Alison Krauss
10%
1965Getz/GilbertoBossa NovaEEUU /
Brasil
Stan Getz / João Gilberto
10%
1985Can't Slow DownPop soulEEUULionel Ritchie
5%
2001Two Against NaturePop rockEEUUSteely Dan
5%
1963The First FamilyComediaEEUUVaughn Meader
5%

Distribución de puntuación

Porcentaje por número respondido

Porcentaje de gente con cada puntuación

Historial de tus puntuaciones

No has intentado esta prueba desde el último reinicio